Marketing research (Record no. 3696)
[ view plain ]
| 000 -LEADER | |
|---|---|
| fixed length control field | 00413 a2200157 4500 |
| 000 - LEADER | |
| fixed length control field | BKB |
| 001 - CONTROL NUMBER | |
| control field | 070240 |
| 005 - DATE AND TIME OF LATEST TRANSACTION | |
| control field | 20200902150808.0 |
| 008 - FIXED-LENGTH DATA ELEMENTS--GENERAL INFORMATION | |
| fixed length control field | |
| 082 ## - DEWEY DECIMAL CLASSIFICATION NUMBER | |
| Classification number | 658.83 |
| Item number | S64M |
| 100 1# - MAIN ENTRY--PERSONAL NAME | |
| Personal name | Singh, S.K. |
| 245 1# - TITLE STATEMENT | |
| Title | Marketing research |
| Statement of responsibility, etc | by S.K. Singh |
| 260 ## - PUBLICATION, DISTRIBUTION, ETC. (IMPRINT) | |
| Place of publication, distribution, etc | New Delhi |
| Name of publisher, distributor, etc | Anmol Publication |
| Date of publication, distribution, etc | 2010 |
| 300 ## - PHYSICAL DESCRIPTION | |
| Extent | 296p. |
| 690 ## - LOCAL SUBJECT ADDED ENTRY--TOPICAL TERM (OCLC, RLIN) | |
| Topical term or geographic name as entry element | Marketing research; Australia |
| Withdrawn status | Lost status | Damaged status | Not for loan | Home library | Current library | Date acquired | Cost, normal purchase price | Total Checkouts | Full call number | Barcode | Date last seen | Date checked out | Price effective from | Koha item type |
|---|---|---|---|---|---|---|---|---|---|---|---|---|---|---|
| Central University Of Rajasthan | Central University Of Rajasthan | 07/03/2012 | 900.00 | 3 | 658.83 S64M | 4527 | 21/11/2024 | 11/11/2022 | 02/09/2020 | Books |
